| 000 | 02521cam a22002054a 4500 | ||
|---|---|---|---|
| 005 | 20250827124629.0 | ||
| 008 | 250528s ||||||||||||||||||||||||d | ||
| 035 | _a19835 | ||
| 020 | _a9603590592 | ||
| 040 |
_aGR-AtMCL _bgre _dGR-AtMCL _eAACR2 |
||
| 245 | 1 |
_aΣτρατηγική των Επιχειρήσεων / Ελληνική και Διεθνής Εμπειρία. _nΤόμος Α' - Θεωρία |
|
| 250 | _a5η | ||
| 260 |
_bΕ. Μπένου, _c1999 |
||
| 300 | _a500 | ||
| 520 | _aΤο βιβλίο εστιάζεται στον εννοιολογικό χώρο της Επιχειρησιακής Στρατηγικής και της λήψης Στρατηγικών Αποφάσεων. Πρόλογος, Εισροές για Εκκίνηση Στρατηγικής Σκέψης, Τι Είναι Στρατηγική, Στρατηγική Ανάλυση του Εξωτερικού Περιβάλλοντος, Στρατηγική Ανάλυση του Εσωτερικού Περιβάλλοντος, Εταιρική Αποστολή - Όραμα: (Αναγκαιότητα ή Πολυτέλεια), Οι Τρεις Βασικές Θεωρήσεις της Στρατηγικής, Διαμόρφωση και Είδος Στρατηγικής, Επιχειρηματική Στρατηγική Ανάπτυξης (Corporate Growth Design), Επιχειρηματική Στρατηγική Διάσωσης/ Αναστροφής (Corporate/ Turnaround/ Retrenchment Strategy), Στρατηγικές Επίτευξης Ανταγωνιστικού Πλεονεκτήματος (Business Level ή Competitive Strategies), Στρατηγική Διεθνοποίησης, Τρόποι Υλοποίησης Στρατηγικής, Στρατηγική Ανάπτυξης μέσω Εξαγορών και Συγχωνεύσεων, Στρατηγικές Συμμαχίες: Διεθνής και Ελληνική Εμπειρία, Εσωτερικές Διαδικασίες και Δυναμική Λήψης Στρατηγικών Αποφάσεων και Διαμόρφωσης Στρατηγικής, Τεχνικές Χαρτοφυλακίου για Λήψη Στρατηγικών Αποφάσεων, Σχέση Στρατηγικής και Οργανωτικής Δομής, Αξιολόγηση της Στρατηγικής, Βιβλιογραφία-Αρθογραφία. | ||
| 700 | 1 |
_aΠαπαδάκης, Βασίλης Μ. _93508 |
|
| 942 | _cBK | ||
| 999 |
_c5081 _d5081 |
||